Countries with the Most Ultra-Prominent Mountain Peaks - Statistics

General Stats
  • This quiz has been taken 206 times
  • The average score is 16 of 21
Answer Stats
Ultras Country % Correct
129 United States
99%
24 Nepal
98%
175 China
97%
143 Canada
95%
46 India
95%
79 Russia
94%
80 Chile
93%
22 Peru
91%
59 Argentina
90%
45 Pakistan
90%
27 Mexico
87%
22 Italy
81%
21 Japan
80%
55 Iran
75%
23 Turkey
72%
87 Indonesia
71%
20 Tajikistan
60%
31 Papua New Guinea
46%
30 Philippines
46%
20 Greece
35%
39 Denmark (Greenland)
23%
No matching quizzes found
Score Distribution
Percent of People with Each Score
Percentile by Number Answered
Your Score History
You have not taken this quiz